000 00270 a2200133 4500
001 194807
040 _cMagnum
100 _aAbreu, Casimiro de
240 1 0 _aAs primaveras
_lpor
245 1 0 _aAs primaveras
300 _a94
697 _aLITERATURA GERAL
942 _cBK
999 _c194807
_d194807